| 000 | 01389nam2a2200313 4500 | ||
|---|---|---|---|
| 001 | RU\NLR\BIBL_A\022199799 | ||
| 005 | 20250806202925.0 | ||
| 035 | _a(NLR Aleph) 022199799 | ||
| 090 |
_a50939 _c50939 |
||
| 100 | _a20250806 rusy50 | ||
| 101 | 0 | _arus | |
| 102 | _aRU | ||
| 135 | _acrcn 024anaba | ||
| 200 | 0 | _a1941, № 20 (53) (20 мая) | |
| 210 | _d1941 | ||
| 325 | 1 | _aКопия доступна в электронной библиотеке РНБ | |
| 461 | 0 |
_1001RU\NLR\BIBL_A\022185086 _12001#$aПриборостроитель$eЕженед. газ. бюро парт. организации, дирекции и профкома Ленинградского ин-та точной механики и оптики$v1941, № 20 (53) (20 мая) |
|
| 852 |
_aNLR _jЛ2/131 [1931] |
||
| 856 | 0 | _uhttps://vivaldi.nlr.ru/pn000306013/view | |
| 856 | 1 | _uhttps://vivaldi.nlr.ru/pn000306013/cover | |
| 856 | 2 | _uhttps://vivaldi.nlr.ru/pn000306013/text | |
| 901 | _eГазеты | ||
| 942 | _cISSNP | ||
| 945 | _aРоссийская национальная библиотека | ||
| 980 | _aNB | ||
| 980 | _aBV | ||
| 981 | 2 | 7 |
_a(27) Периодические издания _b(27) Газеты |